Szczegóły MARC21

Hollywood genres and postwar America : masculinity, family and nation in popular movies and film noir /

003 -Nazwa inst., której nr kontr. jest w polu 001 [,]
    • @
    • Nazwa instytucji, której n kontrolny jest w polu 001
    • NUKAT
005 -DATA I CZAS OSTATNIEJ MODYFIKACJI [,]
    • @
    • pole kontrolne
    • 20241231100245.0
020 -Międzynarod. znormalizowany nr książki - ISBN [ , ]
    • a
    • Numer ISBN
    • 1850438153 Find
    • q
    • Dopowiedzenie
    • HB
020 -Międzynarod. znormalizowany nr książki - ISBN [ , ]
    • a
    • Numer ISBN
    • 9781850438151 Find
    • q
    • Dopowiedzenie
    • HB
020 -Międzynarod. znormalizowany nr książki - ISBN [ , ]
    • a
    • Numer ISBN
    • 1850438382 Find
    • q
    • Dopowiedzenie
    • PB
020 -Międzynarod. znormalizowany nr książki - ISBN [ , ]
    • a
    • Numer ISBN
    • 9781850438380 Find
    • q
    • Dopowiedzenie
    • PB
040 -Instytucja sporządzająca opis [ , ]
    • a
    • Instytucja, która sporządziła opis (NP)
    • WA U/JS
    • c
    • Instytucja, która sporządziła rekord (NP)
    • WA U/JS
    • d
    • Instytucja, która zmodyfikowała rekord (P)
    • WA U/BM
    • d
    • Instytucja, która zmodyfikowała rekord (P)
    • WA U/JSs
044 -Kraj miejsca wydania [ , ]
    • a
    • Kraj miejsca wydania
    • Wielka Brytania po 1988
    • a
    • Kraj miejsca wydania
    • Stany Zjednoczone po 1988
942 -Rodzaj dokumentu [ , ]
    • c
    • Rodzaj dokumentu
    • Książka
100 -Hasło główne - nazwa osobowa [1, ]
    • a
    • Nazwa osobowa (NP)
    • Chopra-Gant, Mike.
    • 9
    • KHW
    • 645312
245 -Strefa tytułu i oznaczenia odpowiedzialności [1,0]
    • a
    • Tytuł
    • Hollywood genres and postwar America : Find
    • b
    • Ciąg dalszy tytułu (NP)
    • masculinity, family and nation in popular movies and film noir / Find
    • c
    • Pozostałe elementy strefy tytułu i oznaczenia odpowiedzialności (NP)
    • Mike Chopra-Grant.
260 -Strefa adresu wydawniczego [ , ]
    • a
    • Miejsce wydania (P)
    • London ;
    • a
    • Miejsce wydania (P)
    • New York :
    • b
    • Nazwa wydawcy (P)
    • I. B. Tauris Publishers,
    • c
    • Data wydania (P)
    • cop. 2006.
300 -Strefa opisu fizycznego [ , ]
    • a
    • Określenie formy książki i/lub objętość (NP)
    • X, 219 s. :
    • b
    • Oznaczenie ilustracji (NP)
    • il. ;
    • c
    • Format (NP)
    • 24 cm.
336 -Typ zawartości [ , ]
    • a
    • Termin opisujący typ zawartości
    • Tekst
    • b
    • Kod określający zawartość
    • txt
    • 2
    • Źródło (terminu i kodu)
    • rdacontent
337 -Typ mediów [ , ]
    • a
    • Tryb odtwarzania
    • Bez urządzenia pośredniczącego
    • b
    • Kod typu mediów
    • n
    • 2
    • Źródło (terminu i kodu)
    • rdamedia
338 -Typ/rodzaj nośnika [ , ]
    • a
    • Hasło opisujące typ nośnika
    • Wolumin
    • b
    • Kod typu nośnika
    • nc
    • 2
    • Źródło (terminu i kodu)
    • rdacarrier
490 -Strefa serii i książki wielotomowej - forma nie do wyszukiwania [1, ]
    • a
    • Tytuł (P)
    • Cinema and Society Series Find
830 -Hasło dodatkowe serii i opisu książki wielotomowej - tytuł ujednolicony/tytuł [ ,0]
    • a
    • Tytuł ujednolicony/tytuł (NP)
    • Cinema and Society Series
    • 9
    • KHW
    • 13757
504 -Uwaga dot. bibliogr. załącznikowej [ , ]
    • a
    • Uwaga dot. bibliografii załącznikowej
    • Bibliogr. s. 194-214. Indeks.
080 -Uniwersalna Klasyfikacja Dziesiętna [ , ]
    • 2
    • Identyfikator wydania tablic
    • UDC-P058
    • 9
    • UKD
    • 18011
    • a
    • Symbol klasyfikacji
    • 791(73)
    • b
    • Dopowiedzenie
    • Film amerykański.
    • 4
    • UKD2
    • 8650
    • x
    • Poddział wspólny
    • "1945/..."
    • c
    • Dopowiedzenie poddz. wspólnego
    • Od 1945.
    • 4
    • UKD2
    • 7666
    • x
    • Poddział wspólny
    • (091)
    • c
    • Dopowiedzenie poddz. wspólnego
    • (Opracowania historyczne).
    • 4
    • UKD2
    • 7644
    • x
    • Poddział wspólny
    • =111
    • c
    • Dopowiedzenie poddz. wspólnego
    • =Język angielski.
650 -Hasło przedmiotowe [ ,7]
    • a
    • Hasło przedmiotowe
    • Męskość (psychologia)
    • x
    • Określnik rzeczowy
    • w kinie.
    • 2
    • Źródło terminu
    • kaba
    • 9
    • KHW
    • 645422
650 -Hasło przedmiotowe [ ,7]
    • a
    • Hasło przedmiotowe
    • Mężczyźni
    • x
    • Określnik rzeczowy
    • w kinie.
    • 2
    • Źródło terminu
    • kaba
    • 9
    • KHW
    • 384202
650 -Hasło przedmiotowe [ ,7]
    • a
    • Hasło przedmiotowe
    • Rodzina
    • x
    • Określnik rzeczowy
    • w kinie.
    • 2
    • Źródło terminu
    • kaba
    • 9
    • KHW
    • 645424
650 -Hasło przedmiotowe [ ,7]
    • a
    • Hasło przedmiotowe
    • Kino amerykańskie
    • y
    • Określnik chronologiczny
    • 1945-1960
    • x
    • Określnik rzeczowy
    • tematy, motywy.
    • 2
    • Źródło terminu
    • kaba
    • 9
    • KHW
    • 645421
650 -Hasło przedmiotowe [ ,7]
    • a
    • Hasło przedmiotowe
    • Czarny film
    • y
    • Określnik chronologiczny
    • 1945-1960
    • x
    • Określnik rzeczowy
    • tematy, motywy.
    • 2
    • Źródło terminu
    • kaba
    • 9
    • KHW
    • 645423
980 -Symbol UKD [ , ]
    • a
    • UKD
    • 791(73)(091)"1945/..."=111
710 -Hasło dodatkowe - nazwa ciała zbiorowego [2, ]
    • a
    • Nazwa ciała zbiorowego lub nazwa geograficzna jako pierwszy element (NP)
    • I. B. Tauris (Londyn).
    • 4
    • Kod relacji
    • pbl
    • 9
    • KHW
    • 412054
920 -ISBN [ , ]
    • a
    • ISBN
    • 1-85043-815-3 Find
    • q
    • Dopowiedzenie
    • HB
920 -ISBN [ , ]
    • a
    • ISBN
    • 978-1-85043815-1 Find
    • q
    • Dopowiedzenie
    • HB
920 -ISBN [ , ]
    • a
    • ISBN
    • 1-85043-838-2 Find
    • q
    • Dopowiedzenie
    • PB
920 -ISBN [ , ]
    • a
    • ISBN
    • 978-1-85043-838-0 Find
    • q
    • Dopowiedzenie
    • PB
Sygnatura Lokalizacja Data inwentaryzacji Status udost. Numer inwentarzowy
ANG. Sztuka Stanów Zjedn. 27BM2010-05-051A.8637